Individuálna bytová výstavba v regióne Kysuce
Enregistré dans:
| Auteur principal: | |
|---|---|
| Autres auteurs: | |
| Format: | Manuscrit Livre |
| Langue: | slovaque |
| Publié: |
2025
|
| Sujets: | |
| Accès en ligne: | http://is.stuba.sk/zp/portal_zp.pl?podrobnosti=194539 CRZP |
| Tags: |
Pas de tags, Soyez le premier à ajouter un tag!
|
MARC
| LEADER | 00000ntm a22000003a 4500 | ||
|---|---|---|---|
| 001 | stuzp105592 | ||
| 003 | SK-STU | ||
| 005 | 20250725105925.3 | ||
| 007 | ta | ||
| 008 | 150427s2015----xo-----f-mn---000-0-slo-d | ||
| 040 | |a STU |b slo | ||
| 041 | 0 | |a slo | |
| 100 | 1 | |a Kadaši, Pavol |u 010310 |4 aut |U SvF Stavebná fakulta |T SvF Katedra architektúry |X 87976 |U V181|V310 |Y 19 |7 87976 | |
| 242 | 0 | 1 | |a Individual housing in the Kysuce region |y eng |
| 245 | 1 | 0 | |a Individuálna bytová výstavba v regióne Kysuce |
| 260 | |c 2025 | ||
| 650 | 4 | |a Kysuce |2 eng | |
| 650 | 4 | |a Zákopčie |2 eng | |
| 650 | 4 | |a vernacular architecture |2 eng | |
| 650 | 4 | |a Kysuce |2 slo | |
| 650 | 4 | |a Zákopčie |2 slo | |
| 650 | 4 | |a vernakulárna architektúra |2 slo | |
| 700 | 1 | |a Bránický, Filip |u 010310 |k Z1 |4 ths |U SvF Stavebná fakulta |T SvF Katedra architektúry |X 49264 |U V181|V310 |Y 19 |7 A000049264 | |
| 856 | 4 | |u http://is.stuba.sk/zp/portal_zp.pl?podrobnosti=194539 | |
| 856 | 4 | |u https://opac.crzp.sk/?fn=detailBiblioForm&sid=809C367C54749DCAA145AFFF7E5A |z CRZP | |